Biodegradovateľné polyméry a ich zmesi dizertačná práca

Enregistré dans:
Détails bibliographiques
Auteur principal: Mikušová, Miroslava
Format: Livre
Langue:slovaque
Publié: Bratislava STU FCHPT 2012
Accès en ligne:Voir à l'OPAC
Tags: Ajouter un tag
Pas de tags, Soyez le premier à ajouter un tag!

MARC

LEADER 00000nam a2200000 a 4500
005 20260127134406.0
008 150210 2012 000 0 slo d
035 |a vtls010653361 
039 9 |y 201502101027  |z mschk03 
040 |a STUSCHK1  |b slo  |c STUSCHK1  |e AACR2 
100 1 |a Mikušová, Miroslava 
245 1 |a Biodegradovateľné polyméry a ich zmesi  |b dizertačná práca  |c Miroslava Mikušová 
260 |a Bratislava  |b STU FCHPT  |c 2012 
300 |a 135 s.  |b il.  |c 30 cm 
500 |a Študijný rpogram: technológia polymérnych materiálov 
500 |a Študijný odbor: technológia makromolekulových látok 
500 |a Školiace pracovisko: Oddelenie plastov a kaučuku 
910 |a SCHK95 
999 |c 11621  |d 11621